| 000 | 00762nam a22002297a 4500 | ||
|---|---|---|---|
| 005 | 20170124105920.0 | ||
| 010 | _aB-92483 | ||
| 020 |
_c400.00 _a8173914869 |
||
| 035 | _aB-92483 | ||
| 037 | _bCen Lib/Ret | ||
| 040 |
_aDPL _bEN |
||
| 082 |
_a306.095453 _bORA |
||
| 100 |
_aOraon, Karma _94185 |
||
| 245 |
_aDimension of religion, magic and festival of Indian tribe : _cby Karma Oraon _bthe munda / |
||
| 260 |
_aNew Delhi _bKanishka publishers _c2002 |
||
| 270 |
_bNew Delhi _a4697/5-21A, Ansari Road, Darya Ganj _e110002 |
||
| 300 |
_axii,140p. _c23cm(Hb) |
||
| 500 | _aIncludes bibliographical references and index | ||
| 650 |
_aReligion-munda _973438 |
||
| 650 |
_aTribes-munda-Jharkhand _973439 |
||
| 942 |
_2ddc _cEN _h306.095453 _mORA |
||
| 999 |
_c123110 _d123110 |
||